Импульсная форсировка возбуждения в системе трехфазный синхронный генератор - однополупериодичный выпрямитель - нагрузка; Исследование специальных электрических машин и машинно-вентильных систем

Dades bibliogràfiques
Parent link:Исследование специальных электрических машин и машинно-вентильных систем.— 1984.— С. 3-7
Altres autors: Чучалин А. И. Александр Иванович, Лоос А. В. Александр Владимирович, Кассиров В. М., Муравлев И. О. Игорь Олегович
Idioma:rus
Publicat: 1984
Matèries:
Format: MixedMaterials Capítol de llibre
KOHA link:https://koha.lib.tpu.ru/cgi-bin/koha/opac-detail.pl?biblionumber=267500

MARC

LEADER 00000naa2a2200000 4500
001 267500
005 20240122093430.0
035 |a (RuTPU)RU\TPU\book\290557 
035 |a RU\TPU\book\290298 
090 |a 267500 
100 |a 20140730d1984 k y0rusy50 ca 
101 0 |a rus 
102 |a RU 
200 1 |a Импульсная форсировка возбуждения в системе трехфазный синхронный генератор - однополупериодичный выпрямитель - нагрузка  |f А. И. Чучалин [и др.] 
320 |a Библиогр.: с. 7 (3 назв.) 
463 0 |0 (RuTPU)RU\TPU\book\205041  |t Исследование специальных электрических машин и машинно-вентильных систем  |o межвузовский научно-технический сборник  |f Томский политехнический институт (ТПИ); под ред. Г. А. Сипайлова  |v С. 3-7  |d 1984  |p 168 с. 
610 1 |a труды учёных ТПУ 
701 1 |a Чучалин  |b А. И.  |c профессор Томского политехнического университета, доктор технических наук  |c проректор по образовательной и международной деятельности  |f 1952-  |g Александр Иванович  |3 (RuTPU)RU\TPU\pers\22021  |9 9318 
701 1 |a Лоос  |b А. В.  |c российский ученый  |c профессор кафедры электрооборудования и электротехники Томского политехнического университета  |f 1941-  |g Александр Владимирович  |3 (RuTPU)RU\TPU\pers\19834 
701 1 |a Кассиров  |b В. М. 
701 1 |a Муравлев  |b И. О.  |c специалист в области электротехники  |c доцент Томского политехнического университета, кандидат технических наук  |f 1962-  |g Игорь Олегович  |3 (RuTPU)RU\TPU\pers\26336  |9 12089 
801 1 |a RU  |b 63413507  |c 20130211 
801 2 |a RU  |b 63413507  |c 20150908  |g RCR 
942 |c BK